Thiết kế bài giảng tự nhiên và xã hội 3 T.1

Đã lưu trong:
Sonraí Bibleagrafaíochta
Príomhúdar: Nguyễn Trại (ch.b.)
Údair Eile: Nguyễn Cẩm Hường (b.s.), Đinh Trang Thu (b.s.)
Formáid: Leabhar
Teanga:Vietnamese
Foilsithe: H. Nxb. Hà Nội 2007
Ábhair:
Clibeanna: Cuir Clib Leis
Gan Chlibeanna, Bí ar an gcéad duine leis an taifead seo a chlibeáil!
Thư viện lưu trữ: Mạng thư viện Đại học Đà Nẵng
LEADER 01514aam a22003858a 4500
001 000016353
003 12755
005 20120928140947.0
008 120928s2007 viesd
020 |c 16000đ  |d 2000b 
041 |a vie 
082 |a 372.3  |b NG-T 
084 |a U426.30  |b TH308K 
100 0 |a Nguyễn Trại 
245 |a Thiết kế bài giảng tự nhiên và xã hội 3  |c B.s.: Nguyễn Trại (ch.b.), Đinh Trang Thu, Nguyễn Cẩm Hường  |n T.1 
260 |a H.  |b Nxb. Hà Nội  |c 2007 
300 |a 167tr.  |c 24cm 
650 7 |2 Bộ TK TVQG  |a Tự nhiên 
650 7 |2 Bộ TK TVQG  |a Phương pháp giảng dạy 
650 7 |2 Bộ TK TVQG  |a Xã hội 
655 7 |2 Bộ TK TVQG  |a Sách giáo viên 
700 0 |a Nguyễn Cẩm Hường  |e b.s. 
700 0 |a Đinh Trang Thu  |e b.s. 
700 0 |a Nguyễn Trại  |e ch.b. 
773 |b Tái bản có chỉnh lí theo hướng dẫn điều chỉnh việc dạy và học cho học sinh tiểu học  |d Nxb. Hà Nội  |d H.  |d 2007  |t Thiết kế bài giảng tự nhiên và xã hội 3  |w 12754 
OWN |a LSP 
AVA |a UDN50  |b LSP  |d 372.3 NG-T  |e check_holdings  |t Error 5003 Not defined in file expand_doc_bib_avail.  |h N  |k 1 
999 |a From the UDN01 
AVA |a UDN50  |b LSP  |d 372.3 NG-T  |e available  |t Error 5001 Not defined in file expand_doc_bib_avail.  |f 29  |g 1  |h N  |i 7  |k 1 
TYP |a Monograph 
TYP |a Printed language 
980 |a Mạng thư viện Đại học Đà Nẵng